Statistics for John Hughes Movie Songs

Click here to take the quiz!

General Stats

  • This quiz has been taken 8 times
  • The average score is 7 of 14

Answer Stats

HintAnswer% Correct
Oh YeahFerris Bueller's Day Off
100%
Don't You Forget About MeThe Breakfast Club
100%
Weird ScienceWeird Science
100%
If You LeavePretty in Pink
88%
If You Were HereSixteen Candles
75%
Holiday RoadVacation
50%
Red River RockPlanes, Trains, and Automobiles
38%
Mele KalikimakaChristmas Vacation
25%
Don't Hang UpDennis the Menace
25%
MamboFlubber
25%
Only The LonelyOnly The Lonely
25%
I Go CrazySome Kind of Wonderful
25%
Rhythm of LifeUncle Buck
25%
Land Of 1000 DancesThe Great Outdoors
13%

Score Distribution

Percentile by Number Answered

Percent of People with Each Score

Your Score History

You have not taken this quiz